Obras dramáticas / (Record no. 164909)

MARC details
000 -LEADER
campo de control de longitud fija 01324nam a22002775i 4500
001 - NÚMERO DE CONTROL
campo de control 164909
003 - IDENTIFICADOR DE NÚMERO DE CONTROL
campo de control ES-MaACL
005 - FECHA Y HORA DE LA ÚLTIMA TRANSACCIÓN
campo de control 20250824052159.0
008 - DATOS DE LONGITUD FIJA--INFORMACIÓN GENERAL
campo de control de longitud fija 960523s18811883sp |||| | spa d
040 ## - FUENTE DE CATALOGACIÓN
Centro catalogador/agencia de origen CLM
Lengua de catalogación spa
Centro/agencia transcriptor CLM
100 1# - ENTRADA PRINCIPAL--NOMBRE DE PERSONA
Nombre de persona Schiller, Friedrich,
Fechas asociadas al nombre 1759-1805
9 (RLIN) 104361
Término indicativo de función/relación Autor
245 10 - MENCIÓN DEL TÍTULO
Título Obras dramáticas /
Mención de responsabilidad, etc. de Schiller ; traducidas directamente al castellano de la edición alemana de Cotta por Eduardo de Mier.
260 ## - PUBLICACIÓN, DISTRIBUCIÓN, ETC.
Lugar de publicación, distribución, etc. Madrid :
Nombre del editor, distribuidor, etc. Luis Navarro editor,
Fecha de publicación, distribución, etc. 1881-1883
300 ## - DESCRIPCIÓN FÍSICA
Extensión 3 v. ;
Dimensiones 19 cm.
490 1# - MENCIÓN DE SERIE
Mención de serie Biblioteca clásica ;
Designación de volumen o secuencia 43, 49, 62
505 8# - NOTA DE CONTENIDO CON FORMATO
Nota de contenido con formato Contiene: T. I. Los ladrones, p. 27-183 ; Wallenstein, p. 185-232 ; Los Piccolomini, p. 233-326 ; La muerte de Wallenstein, p. 327-468 -- T. II. La conjuración de Fiesco, p. 1-156 ; Intriga y amor, p. 157-288 ; D. Carlos, infante de España, p. 289-483 -- T. III. La desposada de Mesina, 1-107 ; La doncella de Orleans, p. 109-240 ; Guillermo Tell, p. 241-358 ; María Estuardo, p. 259-496
597 ## - NOTA DE DESCRIPCIÓN FÍSICA
NOTA DE DESCRIPCIÓN FÍSICA Antep.
655 #0 - TERMINO DE INDIZACIÓN--GENERO/FORMA
Datos o término principal de género/forma Teatro
9 (RLIN) 234794
700 1# - ENTRADA AGREGADA--NOMBRE PERSONAL
Nombre de persona Mier, Eduardo de.
9 (RLIN) 129906
Término indicativo de función/relación Traductor
830 0# - PUNTO DE ACCESO ADICIONAL DE SERIE-TÍTULO UNIFORME
Título uniforme Biblioteca clásica ;
Designación de volumen o secuencia 43, 49, 62
9 (RLIN) 180370
852 ## - LOCALIZACIÓN
Ubicación ES-MaACL
Ubicación en estantería Sala Pecera Planta 2
Número de control de estantería F-13257-59
Encuadernación Editorial en tela
942 ## - ELEMENTOS DE ENTRADA SECUNDARIOS (KOHA)
Fuente del sistema de clasificación o colocación Clasificación decimal universal
Tipo de ítem Koha Libro impreso antiguo
Suprimir en OPAC No
Holdings
Estatus retirado Estado de pérdida Fuente del sistema de clasificación o colocación Estado de daño No para préstamo Colección Biblioteca de origen Biblioteca actual Ubicación en estantería Fecha de adquisición Total de préstamos Signatura topográfica completa Código de barras Visto por última vez Precio de reemplazo Tipo de ítem Koha
    Clasificación decimal universal     Libros del s. XIX Biblioteca del Ateneo de Madrid Biblioteca del Ateneo de Madrid Sala Pecera Planta 2 17/01/2008   F-13257-59 1172874 23/02/2023 23/02/2023 Libro impreso antiguo